City to Nation- Americas - Statistics

General Stats
  • This quiz has been taken 15 times
  • The average score is 26 of 36
Answer Stats
Hint Answer % Correct
Buenos Aires Argentina
100%
Panama City Panama
100%
Lima Peru
100%
Santo Domingo Dominican Republic
92%
San Salvador El Salvador
92%
Port au Prince Haiti
92%
Albequerque United States of America
92%
Nassau Bahamas
83%
Guantánamo Cuba
83%
Kingston Jamaica
83%
Monterrey Mexico
83%
Montevideo Uruguay
83%
Sucre Bolivia
75%
Belo Horizonte Brazil
75%
Valparaíso Chile
75%
Medellín Colombia
75%
Tegucigalpa Honduras
75%
Managua Nicaragua
75%
Asuncion Paraguay
75%
San Juan* Puerto Rico
75%
Paramaribo Suriname
75%
Oranjestad* Aruba
67%
Belmopan Belize
67%
Regina Canada
67%
Cayenne* French Guiana
67%
Nuuk* Greenland
67%
Port of Spain Trinidad and Tobago
67%
Maracaibo Venezuela
67%
Stanley* Falkland Islands
58%
Basseterre Saint Kitts and Nevis
58%
Castries Saint Lucia
58%
Bridgetown Barbados
50%
Alajuela Costa Rica
42%
Roseau Dominica
42%
Saint George’s Grenada
42%
Mixco Guatemala
42%
No matching quizzes found
Score Distribution
Percent of People with Each Score
Percentile by Number Answered
Your Score History
You have not taken this quiz